000 00353 a2200121 4500
001 ART_46917
005 20260410162041.0
008 260409a
245 1 0 _aResponsabilidad penal de las personas jurídicas
100 1 _aFerraro, Ricardo H.
700 1 _aSantacruz, Lidia M.
773 0 _tImpuestos
_g- N°28 (mayo 2018)
_wREV45175
999 _c34878
_d34878